000 00439nam a2200181Ia 4500
001 20653
005 20260306172821.0
008 260306t2006||||xx |||||||||||||| ||spa||
041 _aESP
082 _a343.6
_bG23 T. 1
100 _aGarcía de Enterría, Eduardo 1923-2013
_eAUT
245 0 _aCurso de derecho administrativo
260 _c2006
300 _a
_c24 cm.
650 _aGEN
654 _aCDE
942 _cLIB
_dJUS
_fJUS
_2ddc
_n
999 _c20653
_d20653